Statistics for Every Twenty One Pilots Song to Chart on Billboard

Click here to take the quiz!

General Stats

  • This quiz has been taken 21 times
  • The average score is 36 of 46

Answer Stats

ChartPositionYear of ReleaseAlbumSong% Correct
Hot Alternative Songs#142016Suicide SquadHeathens
95%
Greatest of All Time Songs of The Summer#3962015BlurryfaceRide
95%
Hot Alternative Songs#72021Scaled and IcyShy Away
95%
Hot Alternative Songs#152015BlurryfaceStressed Out
95%
Alternative Digital Song Sales#42018TrenchChlorine
89%
Hot 100#502018TrenchJumpsuit
89%
Hot Rock & Alternative Songs#372021Scaled and IcyRedecorate
89%
Hot Alternative Songs#92021Scaled and IcySaturday
89%
Hot Rock & Alternative Songs#392021Scaled and IcyBounce Man
84%
Alternative Digital Song Sales#142015BlurryfaceLane Boy
84%
Hot Alternative Songs#52020N/ALevel of Concern
84%
Hot Rock & Alternative Songs#322021Scaled and IcyMulberry Street
84%
Hot 100#812018TrenchMy Blood
84%
Lyricfind Global#62018TrenchNeon Gravestones
84%
Hot 100#792018TrenchNico and The Niners
84%
Hot Alternative Songs#132021Scaled and IcyChoker
79%
Lyricfind Global#82018TrenchCut My Lip
79%
Hot Rock & Alternative Songs#382021Scaled and IcyFormidable
79%
Hot Rock & Alternative Songs#322015BlurryfaceGoner
79%
Mexico Ingles Airplay#42011Regional at Best/VesselGuns For Hands
79%
Lyricfind US#252018TrenchLeave The City
79%
Alternative Digital Song Sales#82018TrenchLevitate
79%
Hot Rock & Alternative Songs#352021Scaled and IcyNo Chances
79%
Lyricfind US#192018TrenchSmithereens
79%
Hot 100#822015BlurryfaceTear in My Heart
79%
Hot Rock & Alternative Songs#322015BlurryfaceThe Judge
79%
Lyricfind US#202018TrenchBandito
74%
Hot 100#912016CoverCancer
74%
Alternative Digital Song Sales#52020N/AChristmas Saves the Year
74%
Hot Rock & Alternative Songs#322015BlurryfaceDoubt
74%
Hot Rock & Alternative Songs#302021Scaled and IcyGood Day
74%
Hot Rock & Alternative Songs#332011Regional at Best/VesselHolding Onto You
74%
Lyricfind Global#152015BlurryfaceMessage Man
74%
Alternative Digital Song Sales#92018TrenchMorph
74%
Lyricfind US#162018TrenchPet Cheetah
74%
Alternative Digital Song Sales#62018TrenchThe Hype
74%
Hot Rock & Alternative Songs#362015BlurryfaceWe Don't Believe What's on TV
74%
Hot 100#842015BlurryfaceFairly Local
68%
Alternative Digital Song Sales#172013VesselHouse of Gold
68%
Lyricfind US#242018TrenchLegend
68%
Hot Rock & Alternative Songs#362021Scaled and IcyNever Take It
68%
Alternative Digital Song Sales#62011Regional at Best/VesselCar Radio
63%
Alternative Digital Song Sales#112015BlurryfaceHeavydirtysoul
63%
Hot Rock & Alternative Songs#312015BlurryfacePolarize
63%
Hot Rock & Alternative Songs#282021Scaled and IcyThe Outside
63%
Billboard Japan Hot 100#672011Regional at BestLovely
58%

Score Distribution

Percentile by Number Answered

Percent of People with Each Score

Your Score History

You have not taken this quiz